<?xml version="1.0" encoding="UTF-8"?>
<collection xmlns="http://www.loc.gov/MARC21/slim">
  <record>
    <leader>00000nam  2200000   4500</leader>
    <controlfield tag="001">INLIS000000000810376</controlfield>
    <controlfield tag="005">20251202105924</controlfield>
    <datafield tag="035" ind1="#" ind2="#">
      <subfield code="a">0010-1225000014</subfield>
    </datafield>
    <datafield tag="100" ind1="#" ind2="#">
      <subfield code="a">Abdullah Muhammad bin Ismail Bukhori</subfield>
      <subfield code="e">Pengarang</subfield>
    </datafield>
    <datafield tag="245" ind1="1" ind2="3">
      <subfield code="a">Al adabul mufrod /</subfield>
      <subfield code="c">penulis, Abdullah Muhammad bin Ismail Bukhori</subfield>
    </datafield>
    <datafield tag="264" ind1="#" ind2="#">
      <subfield code="b">Syirkah al-Qudsi</subfield>
    </datafield>
    <datafield tag="300" ind1="#" ind2="#">
      <subfield code="a">520 halaman ;</subfield>
      <subfield code="c">24 cm</subfield>
    </datafield>
    <datafield tag="336" ind1="#" ind2="#">
      <subfield code="a">teks</subfield>
      <subfield code="2">rdacontent</subfield>
    </datafield>
    <datafield tag="337" ind1="#" ind2="#">
      <subfield code="a">tanpa perantara</subfield>
      <subfield code="2">rdamedia</subfield>
    </datafield>
    <datafield tag="338" ind1="#" ind2="#">
      <subfield code="a">volume</subfield>
      <subfield code="2">rdacarrier</subfield>
    </datafield>
    <datafield tag="520" ind1="#" ind2="#">
      <subfield code="a">Kitab berbahasa Arab berisikan kumpulan-kumpulan hadits dari Rasulullah ? mengenai adab dan ahlak seorang muslim dalam kesehariannya. mulai adab dari semenjak bangun tidur hingga tidur semuanya telah ada adab2nya.</subfield>
    </datafield>
    <datafield tag="850" ind1="#" ind2="#">
      <subfield code="a">JKPNPNA</subfield>
    </datafield>
    <controlfield tag="006">a    g b    000 0</controlfield>
    <controlfield tag="007">ta</controlfield>
    <controlfield tag="008">251202################b##########0#ara##</controlfield>
    <datafield tag="040" ind1="#" ind2="#">
      <subfield code="a">JKPNPNA</subfield>
      <subfield code="b">ind</subfield>
      <subfield code="e">rda</subfield>
    </datafield>
    <datafield tag="041" ind1="1" ind2="#">
      <subfield code="a">ara</subfield>
    </datafield>
    <datafield tag="082" ind1="#" ind2="#">
      <subfield code="a">297.56</subfield>
    </datafield>
    <datafield tag="084" ind1="#" ind2="#">
      <subfield code="a">297.56 ABD a</subfield>
    </datafield>
  </record>
</collection>
